书目信息 |
| 题名: |
体育教育展望
|
|
| 作者: | 季浏 , 胡增荦 编著 | |
| 分册: | ||
| 出版信息: | 上海 华东师范大学出版社 2001 |
|
| 页数: | 226页 | |
| 开本: | 24cm | |
| 丛书名: | 学科教育展望丛书 | |
| 单 册: | ||
| 中图分类: | G633.96 , G633.5 | |
| 科图分类: | ||
| 主题词: | 体育--教学研究--中小学 | |
| 电子资源: | ||
| ISBN: | 7-5617-2811-5 | |
| 000 | 01052oam2 2200289 450 | |
| 001 | 1557554119 | |
| 005 | 20150119155936.78 | |
| 010 | @a7-5617-2811-5@dCNY17.00 | |
| 100 | @a20020228d2001 emky0chiy0110 ea | |
| 101 | 0 | @achi |
| 102 | @aCN@b310000 | |
| 105 | @ay z 000yy | |
| 200 | 1 | @a体育教育展望@9ti yu jiao yu zhan wang@f季浏,胡增荦编著 |
| 210 | @a上海@c华东师范大学出版社@d2001 | |
| 215 | @a226页@d24cm | |
| 225 | 2 | @a学科教育展望丛书 |
| 300 | @a21世纪教师教育用书 国家教育部普通高等学校人文社会科学重点研究基地华东师范大学课程与教学研究所研究项目 | |
| 314 | @a胡增荦,副教授,原华东师范大学体育系副主任,编著有《体育与健康》等。 | |
| 330 | @a本书内容包括:我国体育课程与教材的历史回顾、我国体育课程和教学存在的主要问题、新体育课程的基本观念、新体育课程与评价改革等。 | |
| 461 | 0 | @12001 @a学科教育展望丛书 |
| 606 | 0 | @a体育@x教学研究@x中小学 |
| 690 | @aG633.96@v5 | |
| 690 | @aG633.5@v4 | |
| 701 | 0 | @a季浏@9ji liu@4编著 |
| 701 | 0 | @a胡增荦@9hu zeng luo@4编著 |
| 801 | 0 | @aCN@bTSSF@c20150119 |
| 905 | @aZUCC@dG633.5@eJY15 | |
| 体育教育展望/季浏,胡增荦编著.-上海:华东师范大学出版社,2001 |
| 226页;24cm.-(学科教育展望丛书) |
| 21世纪教师教育用书 国家教育部普通高等学校人文社会科学重点研究基地华东师范大学课程与教学研究所研究项目 |
| ISBN 7-5617-2811-5:CNY17.00 |
| 本书内容包括:我国体育课程与教材的历史回顾、我国体育课程和教学存在的主要问题、新体育课程的基本观念、新体育课程与评价改革等。 |
| ● |
| 相关链接 |
|
|
|
|
正题名:体育教育展望
索取号:G633.5/JY15
 
预约/预借
| 序号 | 登录号 | 条形码 | 馆藏地/架位号 | 状态 | 备注 |
| 1 | 7848157 | 278481572 | 学院路分馆/ [索取号:G633.5/JY15] | 在馆 | |
| 2 | 7848158 | 278481581 | 学院路分馆/ [索取号:G633.5/JY15] | 在馆 |